Jugadores Colombia #2 - Estadísticas

Estadísticas generales
  • Esta prueba ha sido intentada 34 veces
  • La puntuación promedio es 10 de 20
Estadísticas de respuestas
Imagen Respuesta % Correcto
Cuadrado
97%
Asprilla
74%
Morelos
71%
Uribe
71%
Cardona
68%
Castro
65%
Campuzano
61%
Montero
61%
Campaz
58%
Villa
55%
Castaño
52%
Mosquera
52%
Arango
48%
Cabal
48%
Cetre
48%
Machado
45%
Atuesta
19%
Daniel Ruiz Rivera
3%
Gomez Andrade
3%
Otero
0%
No se encontraron pruebas coincidentes
Distribución de puntuación
Porcentaje de gente con cada puntuación
Porcentaje por número respondido
Historial de tus puntuaciones
No has intentado esta prueba.